000 00187nam a2200073Ia 4500
008 170817s9999 xx 000 0 und d
100 _aRANDHAWA
245 0 _aEDUCATION &HUMAN RESOURCES MANAGEMANT
260 _bA.P.H. PUB.
999 _c37364
_d37364